Filmové žně 1941 : projev ministra obchodu JUDra Jaroslava Kratochvíla na Filmových žních dne 2. srpna 1941 ve Zlíně

Hlavní autor: Kratochvíl, Jaroslav
Jazyk: Čeština
Vydáno: V Praze : knihtiskárna Politika, 1941
Témata:
Fyzický popis: 20 stran
Knihy
Uloženo v:
LEADER 01108nam a22003012i 4500
001 000293437
003 CZ BrMZK
005 20160930095558.0
007 ta
008 980105s1941 xr f cze d
040 |a BOA001  |b cze  |e rda 
080 |a 791.622  |2 MRF 
080 |a 791.62-026.15  |2 MRF 
100 1 |a Kratochvíl, Jaroslav  |7 jx20040615036  |4 aut 
245 1 0 |a Filmové žně 1941 :  |b projev ministra obchodu JUDra Jaroslava Kratochvíla na Filmových žních dne 2. srpna 1941 ve Zlíně  |c Jaroslav Kratochvíl 
264 1 |a V Praze :  |b knihtiskárna Politika,  |c 1941 
300 |a 20 stran 
336 |a text  |b txt  |2 rdacontent 
337 |a bez média  |b n  |2 rdamedia 
338 |a svazek  |b nc  |2 rdacarrier 
611 2 7 |a Filmové žně (festival)  |n (2. :  |d 1941 :  |c Zlín, Česko)  |7 xx0121478  |2 czenas 
650 0 7 |a kinematografie  |7 ph114909  |2 czenas 
650 0 7 |a filmová tvorba  |7 ph174785  |2 czenas 
655 7 |a přednášky  |7 fd133199  |2 czenas 
910 |a BOA001  |b X-0988.823 
990 |a BK 
991 |b 201605 
996 7 |b 2619860170  |c X-0988.823  |l MZK  |r Sklad / do 24 hodin  |n 4  |w 000293437  |u 000010  |a 1  |e BOA001  |j MZK50  |s A